[Event "Madrid ch - Previa B"]
[Site "Madrid ESP"]
[Date "2008.11.08"]
[Round "3.16"]
[White "Gonzalez Ayuso, Gonzalo"]
[Black "Ortiz Berruguete, Adrian"]
[Result "1-0"]
[WhiteElo "1804"]
[BlackElo "1637"]
[PlyCount "61"]
[EventDate "2008.11.06"]
[EventType "swiss"]
[EventRounds "9"]
[EventCountry "ESP"]
[Source "lmi"]
[SourceDate "2008.11.06"]

1. d4 Nf6 2. c4 e6 3. Nc3 c5 4. d5 exd5 5. cxd5 d6 6. e4 a6 7. a4 g6 8. Bg5 h6
9. Bh4 g5 10. Bg3 Nh5 11. Qxh5 Nd7 12. Qd1 Qe7 13. Bd3 Bg7 14. Nf3 Nf6 15. O-O
Nd7 16. Re1 Ne5 17. h3 Bd7 18. Nxe5 Bxe5 19. Bxe5 Qxe5 20. Qb3 Ke7 21. Ne2 g4
22. h4 Rhg8 23. Ng3 Rg6 24. Nf5+ Kf8 25. Qxb7 Rd8 26. Qc7 Qf6 27. Nxd6 Qxd6 28.
Qxd8+ Kg7 29. e5 Qxd5 30. Bxg6 g3 31. Qf6+ 1-0

[Event "Madrid ch - Previa B"]
[Site "Madrid ESP"]
[Date "2008.11.08"]
[Round "3.17"]
[White "Vicario Ramirez, Celestino"]
[Black "Adan Bonilla, Carlos"]
[Result "0-1"]
[WhiteElo "1711"]
[BlackElo "1813"]
[PlyCount "104"]
[EventDate "2008.11.06"]
[EventType "swiss"]
[EventRounds "9"]
[EventCountry "ESP"]
[Source "lmi"]
[SourceDate "2008.11.06"]

1. e4 e6 2. d3 d5 3. Nd2 c5 4. Ngf3 Nc6 5. g3 Bd6 6. Bg2 Nf6 7. O-O O-O 8. Re1
Qc7 9. Nf1 dxe4 10. dxe4 Rd8 11. Qe2 e5 12. Bg5 Be7 13. h3 h6 14. Bd2 Be6 15.
c4 Nd4 16. Nxd4 cxd4 17. b3 Bc5 18. Qf3 a5 19. Bxh6 d3 20. Bd2 a4 21. Be3 Bb4
22. Red1 axb3 23. axb3 Rxa1 24. Rxa1 b5 25. Bd2 Bc5 26. cxb5 Bxb3 27. Rc1 Qd6
28. g4 Ba4 29. g5 Nd7 30. Be3 Bxb5 31. Bxc5 Nxc5 32. Nd2 Ba4 33. Qe3 Nb3 34.
Rc3 Nxd2 35. Qxd2 Qd4 36. Bf3 Bb5 37. Kf1 g6 38. Rb3 Bc4 39. Rb4 Kg7 40. Kg2
Rc8 41. Kg3 Qa1 42. Bd1 Qd4 43. Bf3 Qd8 44. h4 Ba6 45. Bd1 Qc7 46. h5 gxh5 47.
Kh4 Qc1 48. Rb2 Qa1 49. Kxh5 Rc1 50. Bb3 Rh1+ 51. Kg4 Bc8+ 52. Kf3 Rh3+ 0-1

[Event "Madrid ch - Previa B"]
[Site "Madrid ESP"]
[Date "2008.11.08"]
[Round "3.18"]
[White "Sanchez Rodajo, Pedro L"]
[Black "Castro Uceda, Jose Antonio"]
[Result "0-1"]
[WhiteElo "1750"]
[BlackElo "1717"]
[PlyCount "76"]
[EventDate "2008.11.06"]
[EventType "swiss"]
[EventRounds "9"]
[EventCountry "ESP"]
[Source "lmi"]
[SourceDate "2008.11.06"]

1. f4 d5 2. Nf3 e6 3. g3 b6 4. Bg2 Bb7 5. O-O Nf6 6. e3 Bd6 7. c3 O-O 8. Ne5
Nbd7 9. d4 c5 10. Nd2 Rc8 11. b3 cxd4 12. cxd4 Qc7 13. Bb2 Qc2 14. Rb1 Bb4 15.
Nef3 Qd3 16. Re1 Rc2 17. Bf1 Qg6 18. a3 Bxd2 19. Nxd2 Rfc8 20. Nf3 Qh6 21. Bd3
R2c7 22. Qe2 Ne4 23. Bxe4 dxe4 24. Nd2 Rc2 25. Rec1 Bd5 26. Rxc2 Rxc2 27. Qd1
Bxb3 28. h4 Rxb2 29. Nxb3 Rxb1 30. Qxb1 Qg6 31. Kf2 Nf6 32. Qc2 h6 33. Nd2 Qf5
34. Kg2 Ng4 35. Qc3 Qb5 36. Kh3 Qe2 37. Qc4 Nf2+ 38. Kh2 Qxd2 0-1

[Event "Madrid ch - Previa B"]
[Site "Madrid ESP"]
[Date "2008.11.14"]
[Round "4.1"]
[White "Vazquez Torres, Adrian"]
[Black "Montañes Arribas, Adrian"]
[Result "1/2-1/2"]
[WhiteElo "2023"]
[BlackElo "2030"]
[PlyCount "79"]
[EventDate "2008.11.06"]
[EventType "swiss"]
[EventRounds "9"]
[EventCountry "ESP"]
[Source "lmi"]
[SourceDate "2008.11.06"]

1. e4 c5 2. Nf3 d6 3. d4 cxd4 4. Nxd4 Nf6 5. Nc3 a6 6. Bc4 e6 7. Bb3 Nbd7 8.
O-O Nc5 9. f4 Ncxe4 10. Nxe4 Nxe4 11. f5 e5 12. Qh5 d5 13. Re1 Bc5 14. Rxe4
Bxd4+ 15. Rxd4 Qb6 16. Ba4+ Kf8 17. Be3 exd4 18. Bf2 Qf6 19. g4 b5 20. Bb3 Bb7
21. Rd1 h6 22. Bxd4 Qg5 23. f6 g6 24. Qxg5 hxg5 25. Bxd5 Bxd5 26. Bc5+ Kg8 27.
Rxd5 Rh4 28. Rxg5 Rd8 29. Bf2 Rh8 30. Rc5 Rd1+ 31. Kg2 Rd2 32. Rc6 Kh7 33. Rc7
Kg8 34. h3 g5 35. Rc5 Rh6 36. Rc6 Kh7 37. Kg3 Kg6 38. Be3 Re2 39. Bd4 Rh8 40.
Rxa6 1/2-1/2

[Event "Madrid ch - Previa B"]
[Site "Madrid ESP"]
[Date "2008.11.14"]
[Round "4.2"]
[White "Roman Bada, Javier"]
[Black "Dominguez Carmona, Miguel"]
[Result "1-0"]
[WhiteElo "2031"]
[BlackElo "2051"]
[PlyCount "63"]
[EventDate "2008.11.06"]
[EventType "swiss"]
[EventRounds "9"]
[EventCountry "ESP"]
[Source "lmi"]
[SourceDate "2008.11.06"]

1. e4 c5 2. Nc3 d6 3. g3 g6 4. Bg2 Bg7 5. d3 Nc6 6. Be3 Rb8 7. Qd2 b5 8. Nh3 b4
9. Nd1 a5 10. O-O Qb6 11. f4 e6 12. Rb1 Nge7 13. Bf2 a4 14. Ne3 Ba6 15. f5 gxf5
16. exf5 Bh6 17. fxe6 fxe6 18. Qe2 Kd7 19. Ng4 Bg7 20. Kh1 Nf5 21. Nf4 Ncd4 22.
Bxd4 Nxd4 23. Qd2 Bb7 24. Nh5 Be5 25. Nxe5+ dxe5 26. Rf7+ Ke8 27. Rbf1 Nf5 28.
Rf6 Bxg2+ 29. Qxg2 Ne3 30. Qh3 Qb7+ 31. R1f3 Nf5 32. Rxe6+ 1-0

[Event "Madrid ch - Previa B"]
[Site "Madrid ESP"]
[Date "2008.11.14"]
[Round "4.3"]
[White "Garcia Salamero, Gabriel"]
[Black "Cabañas Bravo, Juan Andres"]
[Result "0-1"]
[WhiteElo "2005"]
[BlackElo "2036"]
[PlyCount "72"]
[EventDate "2008.11.06"]
[EventType "swiss"]
[EventRounds "9"]
[EventCountry "ESP"]
[Source "lmi"]
[SourceDate "2008.11.06"]

1. f4 e5 2. fxe5 d6 3. Nf3 dxe5 4. e4 Bg4 5. Bc4 Bh5 6. c3 Bc5 7. d3 Qf6 8. Rf1
Nd7 9. Qe2 Ne7 10. Be3 Qb6 11. Bxc5 Nxc5 12. b4 Nd7 13. Qf2 f6 14. Nbd2 a5 15.
b5 a4 16. Qxb6 Nxb6 17. Be6 Ng6 18. g3 Ke7 19. Bf5 Nf8 20. g4 Bf7 21. g5 Ne6
22. Bxe6 Bxe6 23. gxf6+ gxf6 24. Ke2 Rhg8 25. c4 a3 26. Nh4 Na4 27. Rac1 Rad8
28. Ndf3 c6 29. bxc6 bxc6 30. Ke3 Rb8 31. Rc2 Rgd8 32. Rg1 Rb2 33. Rgc1 c5 34.
Ne1 Bh3 35. Rxb2 axb2 36. Rb1 Nc3 0-1

[Event "Madrid ch - Previa B"]
[Site "Madrid ESP"]
[Date "2008.11.14"]
[Round "4.4"]
[White "Esquivias Gomez, Fco. Javier"]
[Black "Lozano Sanchez, Jose Antonio"]
[Result "1/2-1/2"]
[WhiteElo "2048"]
[BlackElo "1920"]
[PlyCount "82"]
[EventDate "2008.11.06"]
[EventType "swiss"]
[EventRounds "9"]
[EventCountry "ESP"]
[Source "lmi"]
[SourceDate "2008.11.06"]

1. e4 e5 2. d4 exd4 3. Nf3 Bc5 4. Bc4 Nc6 5. c3 d6 6. cxd4 Bb4+ 7. Bd2 Bxd2+ 8.
Nbxd2 Nf6 9. d5 Ne7 10. O-O O-O 11. Re1 Ng6 12. Qb3 Ng4 13. Bf1 b6 14. h3 N4e5
15. Nxe5 Nxe5 16. f4 Ng6 17. Qg3 Qf6 18. f5 Qe5 19. Qxe5 Nxe5 20. Rac1 Bd7 21.
Rxc7 Rfc8 22. Rec1 Kf8 23. Ba6 Rxc7 24. Rxc7 Ke8 25. Bb7 Rb8 26. Ba6 Ra8 27.
Nb3 Kd8 28. Rc3 Bc8 29. Bb5 Bd7 30. Nd4 Rc8 31. Bc6 a6 32. a4 Bxc6 33. Nxc6+
Nxc6 34. dxc6 Kc7 35. Kf2 Re8 36. Kf3 Re5 37. b4 b5 38. a5 d5 39. exd5 Rxd5 40.
Ke4 Rd6 41. g4 f6 1/2-1/2

[Event "Madrid ch - Previa B"]
[Site "Madrid ESP"]
[Date "2008.11.14"]
[Round "4.5"]
[White "Escoredo Garcia, Jesus"]
[Black "Nieto De La Cruz, Julio"]
[Result "0-1"]
[WhiteElo "1906"]
[BlackElo "2015"]
[PlyCount "62"]
[EventDate "2008.11.06"]
[EventType "swiss"]
[EventRounds "9"]
[EventCountry "ESP"]
[Source "lmi"]
[SourceDate "2008.11.06"]

1. d4 Nf6 2. c4 c5 3. Nf3 cxd4 4. Nxd4 Nc6 5. g3 Qb6 6. e3 d5 7. Nxc6 bxc6 8.
cxd5 cxd5 9. Bg2 Bf5 10. O-O e6 11. Nc3 Be7 12. b3 O-O 13. Bb2 Rac8 14. Rc1
Rfd8 15. Ne2 Qa6 16. Nd4 Be4 17. f3 Bg6 18. Rf2 e5 19. Bf1 Qb6 20. Nc2 Bxc2 21.
Rcxc2 Rxc2 22. Qxc2 Qxe3 23. Qc7 Re8 24. Bc1 Qc5 25. Qxc5 Bxc5 26. Bb5 Rc8 27.
Bg5 Bxf2+ 28. Kxf2 Rc2+ 29. Ke3 Rxa2 30. Bxf6 gxf6 31. Bc6 d4+ 0-1

[Event "Madrid ch - Previa B"]
[Site "Madrid ESP"]
[Date "2008.11.14"]
[Round "4.6"]
[White "Castejon Caballero, Andres"]
[Black "Valderrama Arroyo, Victor"]
[Result "1-0"]
[WhiteElo "2003"]
[BlackElo "1914"]
[PlyCount "111"]
[EventDate "2008.11.06"]
[EventType "swiss"]
[EventRounds "9"]
[EventCountry "ESP"]
[Source "lmi"]
[SourceDate "2008.11.06"]

1. e4 c5 2. Nf3 d6 3. d4 cxd4 4. Nxd4 Nf6 5. Nc3 a6 6. Be3 e5 7. Nde2 Be7 8. f4
O-O 9. g3 b5 10. Bg2 Bb7 11. h3 Nbd7 12. O-O Nb6 13. b3 Rc8 14. Qd2 Nbd7 15. g4
Qc7 16. a3 Rfd8 17. g5 Nh5 18. Bf3 Ng3 19. Nxg3 Qxc3 20. Rad1 Qxd2 21. Rxd2 Rc3
22. Nf5 Kf8 23. Kf2 Nc5 24. Ng3 exf4 25. Bxf4 Ne6 26. Ne2 Rcc8 27. h4 d5 28.
exd5 Nxf4 29. Nxf4 Bc5+ 30. Kg2 Be3 31. Bh5 Bxd2 32. Ne6+ Kg8 33. Bxf7+ Kh8 34.
Nxd8 Rxd8 35. c4 bxc4 36. bxc4 g6 37. Be6 Bc8 38. Rf7 Bxe6 39. dxe6 Re8 40. Rd7
Rxe6 41. Rxd2 Rc6 42. Rc2 Kg7 43. Kg3 Kf7 44. Kg4 Ke7 45. Kf4 Kd6 46. Rd2+ Kc5
47. Rd7 Kxc4 48. Rxh7 Kb3 49. h5 gxh5 50. Rxh5 a5 51. Rh3+ Kc4 52. Kf5 Rc5+ 53.
Kf6 Rc6+ 54. Kg7 Rc7+ 55. Kh6 Rc8 56. Rg3 1-0

[Event "Madrid ch - Previa B"]
[Site "Madrid ESP"]
[Date "2008.11.14"]
[Round "4.7"]
[White "Peñaranda Grilo, Juan Carlos"]
[Black "Rojas Pozo, Jose Luis"]
[Result "0-1"]
[WhiteElo "1930"]
[BlackElo "1897"]
[PlyCount "100"]
[EventDate "2008.11.06"]
[EventType "swiss"]
[EventRounds "9"]
[EventCountry "ESP"]
[Source "lmi"]
[SourceDate "2008.11.06"]

1. d4 d5 2. c4 e6 3. Nc3 Nf6 4. Bg5 Nbd7 5. e3 c6 6. Nf3 Qa5 7. Bxf6 Nxf6 8. a3
Ne4 9. Qc1 Nxc3 10. bxc3 Bd6 11. c5 Bc7 12. Bd3 b6 13. cxb6 axb6 14. O-O Ba6
15. c4 O-O 16. Qc2 Bxc4 17. Bxc4 dxc4 18. Qxc4 Rfc8 19. g3 Qa4 20. Rfc1 Qxc4
21. Rxc4 Bd6 22. Rac1 Bxa3 23. R1c3 c5 24. dxc5 Rxc5 25. Rxc5 bxc5 26. Ne5 f6
27. Nd3 Ra5 28. Kf1 Kf7 29. h4 e5 30. e4 Ke7 31. Ke2 Kd6 32. Rc4 Kc6 33. Kd2
Kb5 34. Rc2 c4 35. Nc1 Bxc1+ 36. Kxc1 Ra3 37. Kd2 Kb4 38. Rb2+ Rb3 39. Ra2 Rd3+
40. Ke2 Kb3 41. Ra7 Kb2 42. Rxg7 Rd4 43. f3 c3 44. Rb7+ Kc1 45. Rxh7 Rd2+ 46.
Ke1 Rb2 47. Rc7 c2 48. h5 Kb1 49. h6 c1=Q+ 50. Rxc1+ Kxc1 0-1

[Event "Madrid ch - Previa B"]
[Site "Madrid ESP"]
[Date "2008.11.14"]
[Round "4.8"]
[White "Sotnikov, Taras"]
[Black "Benito Aragoneses, Miguel Angel"]
[Result "1/2-1/2"]
[WhiteElo "1920"]
[BlackElo "1790"]
[PlyCount "91"]
[EventDate "2008.11.06"]
[EventType "swiss"]
[EventRounds "9"]
[EventCountry "ESP"]
[Source "lmi"]
[SourceDate "2008.11.06"]

1. f4 d6 2. Nf3 Nf6 3. g3 c5 4. Bg2 Nc6 5. O-O e6 6. c3 Be7 7. d3 O-O 8. e4 Qc7
9. a4 b6 10. Na3 a6 11. Nc4 Bb7 12. Qb3 Nd7 13. Ne3 Nf6 14. f5 e5 15. g4 Na5
16. Qa2 c4 17. g5 Nd7 18. f6 gxf6 19. Nf5 Nc5 20. Nxe7+ Qxe7 21. gxf6 Qxf6 22.
Nd4 Qg6 23. Nf5 Rae8 24. Bh6 Nxd3 25. b4 cxb3 26. Qe2 Nf4 27. Bxf4 exf4 28.
Rxf4 Kh8 29. Rg4 Qxf5 30. Rf1 Qe6 31. Rh4 Rg8 32. Rf3 Qxe4 33. Rxe4 Bxe4 34.
Rg3 Bxg2 35. Qxg2 Re1+ 36. Kf2 Rge8 37. Qd5 b2 38. Qd4+ R8e5 39. Qxd6 R1e2+ 40.
Kf3 R2e3+ 41. Kf2 Rf5+ 42. Kg2 Rxg3+ 43. hxg3 Kg7 44. Qd4+ Rf6 45. Qg4+ Rg6 46.
Qd4+ 1/2-1/2

[Event "Madrid ch - Previa B"]
[Site "Madrid ESP"]
[Date "2008.11.14"]
[Round "4.9"]
[White "Lopez Rodriguez, Eduardo"]
[Black "Prieto Garcia, David"]
[Result "1-0"]
[WhiteElo "1897"]
[BlackElo "1954"]
[PlyCount "43"]
[EventDate "2008.11.06"]
[EventType "swiss"]
[EventRounds "9"]
[EventCountry "ESP"]
[Source "lmi"]
[SourceDate "2008.11.06"]

1. e4 c5 2. Nf3 Nc6 3. d4 cxd4 4. Nxd4 Nf6 5. Nxc6 bxc6 6. Bd3 e5 7. O-O Bc5 8.
c4 O-O 9. Nc3 Rb8 10. b3 Bd4 11. Bd2 d5 12. Rc1 Bxc3 13. Bxc3 dxe4 14. Bb1 Qe7
15. Qe1 Bf5 16. f3 Qc5+ 17. Kh1 Rfd8 18. Bxe4 Bxe4 19. fxe4 Rd3 20. Rf5 Re3 21.
Qg1 Nxe4 22. b4 1-0

[Event "Madrid ch - Previa B"]
[Site "Madrid ESP"]
[Date "2008.11.14"]
[Round "4.10"]
[White "Garcia Garcia, Ruben Ii"]
[Black "Merino Araguas, Jose Javier"]
[Result "1/2-1/2"]
[WhiteElo "1920"]
[BlackElo "1879"]
[PlyCount "36"]
[EventDate "2008.11.06"]
[EventType "swiss"]
[EventRounds "9"]
[EventCountry "ESP"]
[Source "lmi"]
[SourceDate "2008.11.06"]

1. e4 e6 2. d4 d5 3. Nc3 Nf6 4. Bg5 Be7 5. e5 Nfd7 6. Bxe7 Qxe7 7. f4 a6 8. Nf3
c5 9. dxc5 Nc6 10. Bd3 Nxc5 11. O-O Nxd3 12. cxd3 O-O 13. d4 f5 14. exf6 Qxf6
15. Ne5 Nxe5 16. fxe5 Qxf1+ 17. Qxf1 Rxf1+ 18. Rxf1 Bd7 1/2-1/2

[Event "Madrid ch - Previa B"]
[Site "Madrid ESP"]
[Date "2008.11.14"]
[Round "4.11"]
[White "Avendaño Mateos, Jose"]
[Black "Leniz Martinez, Francisco"]
[Result "1/2-1/2"]
[WhiteElo "1894"]
[BlackElo "1874"]
[PlyCount "71"]
[EventDate "2008.11.06"]
[EventType "swiss"]
[EventRounds "9"]
[EventCountry "ESP"]
[Source "lmi"]
[SourceDate "2008.11.06"]

1. c4 e5 2. g3 Nf6 3. Bg2 d5 4. cxd5 Nxd5 5. Nc3 Nb6 6. d3 c6 7. Nf3 Bd6 8. O-O
O-O 9. b3 Be6 10. Ne4 Bc7 11. Nc5 Bc8 12. Bb2 N8d7 13. Rc1 Re8 14. b4 a6 15.
Qc2 Qe7 16. Nd2 Bd6 17. Nde4 Bb8 18. a3 Kh8 19. Nxd7 Nxd7 20. Rfd1 f5 21. Nc5
Nf6 22. e3 h5 23. d4 e4 24. Na4 Nd5 25. Nc3 Be6 26. Nxd5 Bxd5 27. Qe2 Qf7 28.
h4 Bd6 29. Rc3 Kh7 30. Rdc1 Rg8 31. Kf1 g5 32. hxg5 Rxg5 33. Bh3 Rag8 34. Ke1
h4 35. gxh4 Rh5 36. Kd2 1/2-1/2

[Event "Madrid ch - Previa B"]
[Site "Madrid ESP"]
[Date "2008.11.14"]
[Round "4.12"]
[White "Garcia Ruiz, Ricardo"]
[Black "Gonzalez Ayuso, Gonzalo"]
[Result "1/2-1/2"]
[WhiteElo "1920"]
[BlackElo "1804"]
[PlyCount "105"]
[EventDate "2008.11.06"]
[EventType "swiss"]
[EventRounds "9"]
[EventCountry "ESP"]
[Source "lmi"]
[SourceDate "2008.11.06"]

1. e4 e6 2. Nf3 d5 3. exd5 exd5 4. d4 Nf6 5. Bg5 Be7 6. Be2 O-O 7. Nbd2 Re8 8.
O-O Bg4 9. Re1 c6 10. Ne5 Bxe2 11. Rxe2 Nbd7 12. Nb3 Qc7 13. Qf1 h6 14. Bxf6
Nxf6 15. Rae1 Bd6 16. f4 a5 17. c3 a4 18. Nd2 c5 19. Qf3 cxd4 20. cxd4 Qb6 21.
Qd3 Rac8 22. Nf1 Bxe5 23. fxe5 Ne4 24. Kh1 Qg6 25. Qf3 Rc4 26. Rd1 Rec8 27. Ne3
Rc1 28. Ree1 Rxd1 29. Rxd1 Qc6 30. Nf5 Qe6 31. Kg1 Rc2 32. Qg4 g5 33. h4 Nf2
34. Qf3 Nxd1 35. hxg5 hxg5 36. Qg4 Rxg2+ 37. Kxg2 Qxf5 38. Qxd1 Qe4+ 39. Kh2
Qf4+ 40. Kg2 b5 41. b3 Qe4+ 42. Kg3 Qe3+ 43. Kg4 Qf4+ 44. Kh3 axb3 45. axb3
Qh4+ 46. Kg2 Qe4+ 47. Kg3 Qh4+ 48. Kg2 Kg7 49. b4 Qe4+ 50. Kg3 Kg6 51. Qf1 Qe3+
52. Kg2 Qf4 53. Qxb5 1/2-1/2

[Event "Madrid ch - Previa B"]
[Site "Madrid ESP"]
[Date "2008.11.14"]
[Round "4.13"]
[White "Garcia Serrano, Jose Manuel"]
[Black "Morona Minguez, Irene"]
[Result "1-0"]
[WhiteElo "1871"]
[BlackElo "1743"]
[PlyCount "39"]
[EventDate "2008.11.06"]
[EventType "swiss"]
[EventRounds "9"]
[EventCountry "ESP"]
[Source "lmi"]
[SourceDate "2008.11.06"]

1. e4 c5 2. d4 cxd4 3. c3 dxc3 4. Nxc3 Nc6 5. Nf3 e6 6. Bc4 d6 7. O-O Nf6 8.
Qe2 Be7 9. Rd1 e5 10. h3 O-O 11. Be3 h6 12. Rac1 Bd7 13. a3 Qc8 14. Nd5 Qd8 15.
Nxf6+ Bxf6 16. Rxd6 Qc7 17. Rxf6 gxf6 18. Bxh6 Rfe8 19. Nh4 f5 20. Qh5 1-0

[Event "Madrid ch - Previa B"]
[Site "Madrid ESP"]
[Date "2008.11.14"]
[Round "4.14"]
[White "De Los Rios Camacho, Juan A"]
[Black "De Armentia Roldan, Benigno"]
[Result "0-1"]
[WhiteElo "1792"]
[BlackElo "1870"]
[PlyCount "134"]
[EventDate "2008.11.06"]
[EventType "swiss"]
[EventRounds "9"]
[EventCountry "ESP"]
[Source "lmi"]
[SourceDate "2008.11.06"]

1. e4 c5 2. Nf3 Nc6 3. d4 cxd4 4. Nxd4 Qc7 5. Nc3 e6 6. a3 a6 7. Be3 Nf6 8. Be2
Be7 9. f4 d6 10. O-O O-O 11. Qe1 Bd7 12. Nb3 Rac8 13. Bf3 b5 14. Qf2 Qb8 15.
Rac1 e5 16. f5 Nd8 17. g4 Rxc3 18. bxc3 Qa8 19. Qg2 Bc6 20. Nd2 d5 21. exd5
Nxd5 22. Bxd5 Bxd5 23. Qg3 f6 24. Nb3 Bxa3 25. Rcd1 Qc6 26. Bf2 Nf7 27. h4 Rd8
28. Na5 Qc7 29. c4 Qxa5 30. cxd5 Bb2 31. d6 Nxd6 32. Rxd6 Rxd6 33. Qb3+ Kf8 34.
Bc5 Bd4+ 35. Bxd4 Rxd4 36. Qf3 Qc7 37. Qa3+ Kf7 38. Qf3 Qb6 39. Kh1 Rf4 40.
Qb3+ Rc4 41. Rf3 Qc6 42. Kg2 Ke7 43. Kg3 Qd6 44. Rd3 Qb4 45. Qxb4+ Rxb4 46. Ra3
Ra4 47. Rd3 a5 48. g5 b4 49. gxf6+ Kxf6 50. Rd6+ Kxf5 51. Rd7 Ra3+ 52. Kf2 Kf6
53. Rd6+ Ke7 54. Ra6 Ra2 55. Ke3 Rxc2 56. Rxa5 Ke6 57. h5 Kf5 58. Kd3 b3 59.
Rb5 Rh2 60. Kc4 b2 61. Kc3 Kf4 62. Rb7 Rxh5 63. Rxb2 Rh3+ 64. Kc4 e4 65. Rf2+
Ke3 66. Ra2 Rh1 67. Ra3+ Kf4 0-1

[Event "Madrid ch - Previa B"]
[Site "Madrid ESP"]
[Date "2008.11.14"]
[Round "4.15"]
[White "Castro Uceda, Jose Antonio"]
[Black "Marcos Herrero, Francisco"]
[Result "0-1"]
[WhiteElo "1717"]
[BlackElo "1854"]
[PlyCount "64"]
[EventDate "2008.11.06"]
[EventType "swiss"]
[EventRounds "9"]
[EventCountry "ESP"]
[Source "lmi"]
[SourceDate "2008.11.06"]

1. d4 Nf6 2. c4 g6 3. Nc3 Bg7 4. e4 d6 5. Nf3 O-O 6. Be2 e5 7. d5 Nbd7 8. b4 a5
9. Ba3 b6 10. bxa5 Rxa5 11. Bb4 Ra8 12. O-O Qe7 13. a4 Ba6 14. a5 bxa5 15. Rxa5
Rfb8 16. Qa4 Nb6 17. Qa2 Bc8 18. c5 Rxa5 19. Qxa5 dxc5 20. Bxc5 Qe8 21. Bb5 Bd7
22. Bxd7 Nfxd7 23. Re1 Bh6 24. Rb1 Ra8 25. Qb4 Rb8 26. Nb5 Qc8 27. Qc3 Na4 28.
Qc4 Naxc5 29. Ra1 Bf8 30. h3 Qb7 31. Ra5 Qb6 32. Qb4 Nb7 0-1

[Event "Madrid ch - Previa B"]
[Site "Madrid ESP"]
[Date "2008.11.14"]
[Round "4.16"]
[White "Montes Rubio, Miguel"]
[Black "Mosteiro Montoro, Alvaro"]
[Result "1-0"]
[WhiteElo "1698"]
[BlackElo "1832"]
[PlyCount "131"]
[EventDate "2008.11.06"]
[EventType "swiss"]
[EventRounds "9"]
[EventCountry "ESP"]
[Source "lmi"]
[SourceDate "2008.11.06"]

1. d4 d5 2. c4 c6 3. Nc3 Nf6 4. Bf4 Bf5 5. e3 e6 6. Bd3 Bxd3 7. Qxd3 Bb4 8.
Nge2 Nbd7 9. a3 Ba5 10. b4 Bc7 11. O-O O-O 12. Bxc7 Qxc7 13. c5 e5 14. f3 Rae8
15. Ng3 Re6 16. Nf5 Ne8 17. dxe5 Nxe5 18. Qd4 a6 19. f4 Ng4 20. Rae1 Ngf6 21.
e4 dxe4 22. Nxe4 Nxe4 23. Rxe4 Rxe4 24. Qxe4 Nf6 25. Qe7 Qxe7 26. Nxe7+ Kh8 27.
Nf5 Re8 28. Rf3 g6 29. Nd6 Re7 30. Kf2 Kg7 31. h3 Ne4+ 32. Nxe4 Rxe4 33. g3 Kf6
34. Re3 Rc4 35. Kf3 a5 36. Re4 Rc3+ 37. Re3 axb4 38. axb4 Rc1 39. Rb3 Rc4 40.
Ke3 Ke6 41. Kd2 f5 42. Re3+ Re4 43. Rxe4+ fxe4 44. Ke3 h5 45. Kd4 Kf5 46. Ke3
g5 47. fxg5 Kxg5 48. Kxe4 Kf6 49. Kf4 Kg6 50. h4 Kf6 51. g4 hxg4 52. Kxg4 Kg6
53. h5+ Kh6 54. Kh4 Kg7 55. Kg5 Kh7 56. h6 Kg8 57. Kf6 Kh7 58. Ke7 Kxh6 59. Kd7
Kg6 60. Kc7 Kf6 61. Kxb7 Ke7 62. Kxc6 Kd8 63. Kd6 Kc8 64. c6 Kd8 65. c7+ Kc8
66. b5 1-0

[Event "Madrid ch - Previa B"]
[Site "Madrid ESP"]
[Date "2008.11.14"]
[Round "4.17"]
[White "Adan Bonilla, Carlos"]
[Black "Benito Mellado, Humberto"]
[Result "1-0"]
[WhiteElo "1813"]
[BlackElo "1653"]
[PlyCount "57"]
[EventDate "2008.11.06"]
[EventType "swiss"]
[EventRounds "9"]
[EventCountry "ESP"]
[Source "lmi"]
[SourceDate "2008.11.06"]

1. e4 e6 2. d4 d5 3. e5 c5 4. c3 Nc6 5. Nf3 Bd7 6. Bd3 Qb6 7. dxc5 Bxc5 8. O-O
Nge7 9. b4 Nxb4 10. cxb4 Bxb4 11. Bd2 Bc5 12. Nc3 Ba3 13. Rb1 Qc6 14. Nd4 Qc8
15. Ncb5 Bc5 16. Rc1 O-O 17. Nd6 Qc7 18. Bb4 b6 19. Qc2 Nc8 20. Bxc5 bxc5 21.
Qxc5 Qxc5 22. Rxc5 Nxd6 23. exd6 Rfc8 24. Rfc1 Rd8 25. Nc6 Bxc6 26. Rxc6 Rd7
27. Rc8+ Rd8 28. Rxa8 Rxa8 29. d7 1-0

[Event "Madrid ch - Previa B"]
[Site "Madrid ESP"]
[Date "2008.11.14"]
[Round "4.18"]
[White "Ortiz Berruguete, Adrian"]
[Black "Vazquez Moreno, Luis"]
[Result "1/2-1/2"]
[WhiteElo "1637"]
[BlackElo "1743"]
[PlyCount "66"]
[EventDate "2008.11.06"]
[EventType "swiss"]
[EventRounds "9"]
[EventCountry "ESP"]
[Source "lmi"]
[SourceDate "2008.11.06"]

1. d4 d5 2. c4 e6 3. Nc3 Nf6 4. Nf3 Be7 5. Bg5 O-O 6. e3 c5 7. Be2 cxd4 8. Qxd4
dxc4 9. Qxd8 Rxd8 10. Bxc4 Nc6 11. O-O e5 12. Rad1 Rxd1 13. Rxd1 Bg4 14. Nd5 h6
15. Nxe7+ Nxe7 16. Bxf6 gxf6 17. h3 Bxf3 18. gxf3 Nc6 19. a3 Rd8 20. Rxd8+ Nxd8
21. Bd5 Nc6 22. b4 a6 23. Kf1 Kf8 24. Ke2 Ke7 25. Kd3 Nd8 26. e4 b6 27. Kc4 Kd6
28. a4 Ne6 29. Bxe6 fxe6 30. a5 b5+ 31. Kd3 h5 32. h4 f5 33. Ke3 f4+ 1/2-1/2

[Event "Madrid ch - Previa B"]
[Site "Madrid ESP"]
[Date "2008.11.14"]
[Round "4.19"]
[White "Franco Rincon, David"]
[Black "Sanchez Rodajo, Pedro L"]
[Result "1-0"]
[WhiteElo "1752"]
[BlackElo "1750"]
[PlyCount "120"]
[EventDate "2008.11.06"]
[EventType "swiss"]
[EventRounds "9"]
[EventCountry "ESP"]
[Source "lmi"]
[SourceDate "2008.11.06"]

1. e4 e6 2. d4 d5 3. exd5 Qxd5 4. Nf3 Nf6 5. Nc3 Qd8 6. Be2 Be7 7. O-O O-O 8.
Bf4 a6 9. h3 Nc6 10. a3 Bd6 11. Bg5 h6 12. Bh4 Be7 13. Qd3 Nd5 14. Bg3 Bf6 15.
Ne4 Be7 16. c3 f5 17. Ned2 Bd6 18. Ne5 Nxe5 19. dxe5 Bc5 20. Nb3 Bb6 21. Rad1
Qg5 22. Kh1 f4 23. Bh2 Rd8 24. c4 Bd7 25. cxd5 Bc6 26. Qc3 Bxd5 27. f3 Rd7 28.
Bg1 Rad8 29. Bxb6 cxb6 30. Nc1 Kh8 31. Rd3 Qe7 32. Rfd1 Rc7 33. Qe1 Qg5 34. Bf1
Re7 35. Rc3 Red7 36. Bd3 h5 37. Qe2 Qg3 38. Rf1 b5 39. b3 Qg5 40. Na2 Bc4 41.
Rd1 Bd5 42. Nb4 Qg3 43. Nxd5 Rxd5 44. Bc2 g6 45. Rxd5 Rxd5 46. b4 h4 47. Rc8+
Kg7 48. Rc7+ Kh6 49. Re7 Rd8 50. Rxe6 Rg8 51. Rb6 Kh5 52. Rxb7 Rc8 53. Bd1 Rc3
54. Rh7+ Kg5 55. Qd2 Rd3 56. Qxd3 Qe1+ 57. Kh2 Qg3+ 58. Kg1 Qe1+ 59. Qf1 Qxe5
60. Qe2 Qd4+ 1-0

[Event "Madrid ch - Previa B"]
[Site "Madrid ESP"]
[Date "2008.11.15"]
[Round "5.1"]
[White "Cabañas Bravo, Juan Andres"]
[Black "Vazquez Torres, Adrian"]
[Result "0-1"]
[WhiteElo "2036"]
[BlackElo "2023"]
[PlyCount "52"]
[EventDate "2008.11.06"]
[EventType "swiss"]
[EventRounds "9"]
[EventCountry "ESP"]
[Source "lmi"]
[SourceDate "2008.11.06"]

1. e4 c5 2. Nf3 e6 3. d4 cxd4 4. Nxd4 Nc6 5. Nc3 a6 6. Bf4 d6 7. Bg3 Nf6 8. Be2
Be7 9. Qd2 O-O 10. O-O-O e5 11. Nxc6 bxc6 12. Bh4 Be6 13. Bxf6 Bxf6 14. Qxd6
Qa5 15. a3 Bg5+ 16. Kb1 Rab8 17. Na2 Qb6 18. b4 Qxf2 19. Bd3 Qb6 20. Rhf1 a5
21. c3 axb4 22. axb4 Qa7 23. Nc1 Ra8 24. c4 Qa1+ 25. Kc2 Ra3 26. Rd2 Qc3+ 0-1